000
00300nam a22001217a 4500
040
_c
SK
082
_a
338
100
_a
BLANK
245
_a
Road design standard;បទដ្ឋានសិក្សាគំរោងថ្នល់
260
_a
Phnom Penh
_b
BLA
_c
1999
300
_a
70p.
942
_c
EK
999
_c
9126
_d
9126